| 000 | 01005nam a2200289 a 4500 | ||
|---|---|---|---|
| 001 | 000025163 | ||
| 005 | 20200930023611.0 | ||
| 008 | 110210s1971 sp r 000 0 spa d | ||
| 040 |
_aDO-SdBNP _bspa _cBNPHU |
||
| 041 | 1 | 7 |
_aspa _hfre _2Código de idioma MARC |
| 082 |
_a294.3 _bB927B |
||
| 100 | 1 |
_aBussagli, M. _951619 |
|
| 240 | 1 | 0 |
_aChe cosa ha veramente detto Buda. _lEspañol. |
| 245 | 1 | 0 |
_aQué ha dicho verdaderamente Buda / _cM. Bussagli ; traducción Carmen Santos. |
| 260 |
_aMadrid, (España) : _bDoncel, _c1971. |
||
| 300 |
_a168, [8] p. ; _c18 cm. |
||
| 490 | 1 |
_aQue ha dicho verdaderamente _v8 |
|
| 534 |
_aTítulo original: _tChe cosa ha veramente detto Buda |
||
| 504 | _aIncluye referencias bibliográficas (p. [171-172]) | ||
| 650 | 4 |
_aBudismo _93429 |
|
| 650 | 4 |
_aFilosofía hindú _948510 |
|
| 650 | 4 |
_aBudismo _xHistoria _951620 |
|
| 650 | 4 |
_aBrahamanismo _951621 |
|
| 700 | 1 |
_aSantos, Carmen _etr. _951622 |
|
| 830 | 0 |
_aQue ha dicho verdaderamente ; _v8 _933187 |
|
| 049 | _aBNGR | ||
| 999 |
_c24656 _d24656 |
||